| 000 | 01919nam a22005657a 4500 | ||
|---|---|---|---|
| 003 | AR-RoUNA | ||
| 005 | 20251006073759.0 | ||
| 008 | 251003b |||||||| |||| 00| 0 spa d | ||
| 020 | _a9788484784500 | ||
| 040 |
_aAR-RoUNA _bspa _dAR-RoUNA |
||
| 041 | _aspa | ||
| 044 | _aag | ||
| 100 | 1 |
_aCirlot, Juan-Eduardo _927480 |
|
| 245 | 1 | 0 |
_aGaudí _b:introduccion a su arquitectura / _c Juan-Eduardo Cirlot; fotografias de Pere Vivas y Ricard Pla |
| 250 | _a1a. ed. | ||
| 260 |
_aBarcelona : _bTriangle Postals D.L, _c2010 |
||
| 300 |
_a286 p.: _bfot. col. _c16x16 cm |
||
| 505 | 0 | _tINDICE | |
| 505 | 0 | _aIntroduccion a la arquitectura de Gaudi /p.21 | |
| 505 | 0 | _aElementos ideologicos de su tiempo /p.25 | |
| 505 | 0 | _aLas primeras obras (1878-1892) /p.31 | |
| 505 | 0 | _tCasa Vicens /p.37 | |
| 505 | 0 | _tEl Capricho /p.49 | |
| 505 | 0 | _tPabellones dela Finca Guell /p.71 | |
| 505 | 0 | _tColegio Teresiano /p.89 | |
| 505 | 0 | _tPalacio Episcopal de Astorga /p.99 | |
| 505 | 0 | _tCasa Botines /p.105 | |
| 505 | 0 | _aPeriodo de madurez (1892-1914) /p.111 | |
| 505 | 0 | _tBodegas Guell /p.121 | |
| 505 | 0 | _tCasa Calvet /p.127 | |
| 505 | 0 | _tCasa Figueras "Bellesguard" /p.137 | |
| 505 | 0 | _tPark Guell /p.149 | |
| 505 | 0 | _tRestauracion de la Catedral de Mallorca /p.173 | |
| 505 | 0 | _tCasa Batllo /p.179 | |
| 505 | 0 | _tCasa Mila "La Pedrera" /p.209 | |
| 505 | 0 | _tCripta de la Colonia Guell /p.235 | |
| 505 | 0 | _aAños finales (1914-1926) /p.247 | |
| 505 | 0 | _tBasilica de la Sagrada Familia /p.253 | |
| 505 | 0 | _aAntonio Gaudi (1852-1926). Biografia /p.280 | |
| 650 | 4 | _aArquitectura española | |
| 650 | 4 | _aModernismo | |
| 650 | 4 | _aEstudio de la forma | |
| 650 | 4 | _aArtistas españoles | |
| 700 | 1 |
_aVivas, Pere _927483 |
|
| 700 | 1 |
_aPla, Ricard _927484 |
|
| 908 | _aImp | ||
| 942 | _2udc | ||
| 945 | _d2025-10-03 | ||
| 980 |
_61 _aMaricel Allasia _85 _gMaría Machado |
||
| 999 |
_c12157 _d12157 |
||